Test wiedzy o League of legends - Statystyki

Ogólne statystyki
  • Ten quiz został rozwiązany 3 587 razy
  • Średni wynik to 22 z 30
Statystyki odpowiedzi
Zagadnienie Odpowiedź % Poprawnych
Ile jest w grze ról? 5
99%
Jak ma na imię lodowy kriofeniks? Anivia
97%
Kto stworzył grę? Riot Games
97%
Oko pustki... Vel'koz
96%
Jak się nazywa Najpotężniejszy Darkin? Aatrox
93%
Kto rozdrapał Rengarowi oko? Kha'zix
92%
Kogo przysłała z pomocą Lux? Galio
88%
Co czuje Warwick? Krew
88%
Bardzo wkurzająca postać? Teemo
88%
Jak ma na imię brat Yasuo zabity w pojedynku?(pewnie nie zgadniesz) Yone
88%
Co łączy Zilean'a z Ekko? Oboje władają czasem
87%
Jak się nazywa córka Kassadina? Kai'sa
86%
Co jest atrybutem yoricka? Łopata
86%
Jaka jest ulubiona cyfra Jhina? 4
83%
Jaka jest najmniejsza cena bohatera? 450
83%
Ile ogonów ma Ahri? 9
80%
Co Ezreal chciał ukraść? Łzę pustki
79%
Jak się nazywa osoba która walczyła z Dravenem na arenie? Riven
77%
Dla kogo jest młot Poppy? Dla bohatera |Demacii
76%
Kim są postacie w grze? Przywoływaczami
76%
Kto zaatakował Garena i Lux? SYlas
74%
Kto zginął zabijając Nautiliusa? Graves
66%
Ile kosztują nowe postacie w pierszym tygodniu? 7100
62%
Shen, Kennen i...? Akali
60%
Najnowszy bohater? Sett
52%
Z kim walczył twisted fate? Z Fiddlestickiem
52%
Czemu Jax walczy latarnią? Bo tak postanowił
39%
Kto walczy z Zedem? Xayah i Rakan
29%
Co łączy ryze'a i nasusa? Są braćmi
6%
Kto uratował Sennę z latarni Tresha? Shen
1%
Nie znaleziono quizów pasujących do podanych kryteriów
Rozkład punktacji
Procent ludzi z każdym wynikiem
Percentyl według liczby udzielonych odpowiedzi
Twoja historia wyników
Nie rozwiązałeś tego quizu